A short textbook of medical statistics / (Record no. 392)

MARC details
000 -LEADER
fixed length control field 00860nam a2200277 i 4500
001 - CONTROL NUMBER
control field 1797160
003 - CONTROL NUMBER IDENTIFIER
control field OSt
005 - DATE AND TIME OF LATEST TRANSACTION
control field 20210216194116.0
008 - FIXED-LENGTH DATA ELEMENTS--GENERAL INFORMATION
fixed length control field 780607s1977 enka 001 0 eng
010 ## - LIBRARY OF CONGRESS CONTROL NUMBER
LC control number 78307009
015 ## - NATIONAL BIBLIOGRAPHY NUMBER
National bibliography number GB77-28587
020 ## - INTERNATIONAL STANDARD BOOK NUMBER
International Standard Book Number 0340347422
Terms of availability £6.75.
040 ## - CATALOGING SOURCE
Original cataloging agency DLC
Transcribing agency DLC
Modifying agency DLC
-- PHNSL
050 00 - LIBRARY OF CONGRESS CALL NUMBER
Classification number RA407
Item number .H55 1977b
082 00 - DEWEY DECIMAL CLASSIFICATION NUMBER
Classification number 519.5/02/461
100 1# - MAIN ENTRY--PERSONAL NAME
Personal name Hill, Austin Bradford,
Titles and words associated with a name Sir,
Dates associated with a name 1897-
245 12 - TITLE STATEMENT
Title A short textbook of medical statistics /
Statement of responsibility, etc. by Sir Austin Bradford Hill.
250 ## - EDITION STATEMENT
Edition statement 11th ed.
260 ## - PUBLICATION, DISTRIBUTION, ETC.
Place of publication, distribution, etc. London :
Name of publisher, distributor, etc. Hodder and Stoughton,
Date of publication, distribution, etc. 1984.
300 ## - PHYSICAL DESCRIPTION
Extent v, 307 p. :
Other physical details ill. ;
Dimensions 23 cm.
500 ## - GENERAL NOTE
General note First-9th ed. published under title: Principles of medical statistics.
500 ## - GENERAL NOTE
General note Includes index.
650 #0 - SUBJECT ADDED ENTRY--TOPICAL TERM
Topical term or geographic name entry element Medical statistics.
906 ## - LOCAL DATA ELEMENT F, LDF (RLIN)
a 7
b cbc
c orignew
d 3
e ncip
f 19
g y-gencatlg
942 ## - ADDED ENTRY ELEMENTS (KOHA)
Source of classification or shelving scheme Library of Congress Classification
Koha item type Books
Holdings
Withdrawn status Lost status Source of classification or shelving scheme Damaged status Not for loan Home library Current library Shelving location Date acquired Total Checkouts Full call number Barcode Date last seen Copy number Price effective from Koha item type Public note
    Library of Congress Classification     Public Health Nurses School Public Health Nurses School General Stacks 02/16/2021   RA409.H55 00458 02/16/2021 c.1 02/16/2021 Books soa 16/02/21
    Library of Congress Classification     Public Health Nurses School Public Health Nurses School General Stacks 02/16/2021   RA409.H55 00459 02/16/2021 c.2 02/16/2021 Books soa 16/02/21
    Library of Congress Classification     Public Health Nurses School Public Health Nurses School General Stacks 02/16/2021   RA409.H55 00460 02/16/2021 c.3 02/16/2021 Books soa 16/02/21
    Library of Congress Classification     Public Health Nurses School Public Health Nurses School General Stacks 02/16/2021   RA409.H55 00461 02/16/2021 c.4 02/16/2021 Books soa 16/02/21
Copyright © 2025 PHNS Library. All Rights Reserved.